Ruská strategická kultúra

Strategická kultúra Ruska, s dôrazom na obdobie po studenej vojne. Význam pojmu strategická kultúra a história jej skúmania. Zdroje a nositelia strategickej kultúry. Historický vývoj ruskej strategickej kultúry. Súčasná strategická kultúra Ruska.

Guardado en:
Detalles Bibliográficos
Autor principal: Ondriaš, Juraj, 1988-
Formato: Capítulo de libro
Lenguaje:eslovaco
Materias:
Etiquetas: Agregar Etiqueta
Sin Etiquetas, Sea el primero en etiquetar este registro!

MARC

LEADER 00000nla a2200000 4500
001 0198607
005 20240502073345.5
041 0 |a slo 
044 |a SK 
245 1 0 |a Ruská strategická kultúra  |c Juraj Ondriaš 
520 |a Strategická kultúra Ruska, s dôrazom na obdobie po studenej vojne. Význam pojmu strategická kultúra a história jej skúmania. Zdroje a nositelia strategickej kultúry. Historický vývoj ruskej strategickej kultúry. Súčasná strategická kultúra Ruska. 
610 2 0 |a Rusko 
610 2 0 |a kultúra 
610 2 0 |a história 
610 2 0 |a politika medzinárodná 
100 1 |a Ondriaš, Juraj, 1988-